Far East 3000 Chinese Character Dictionary

محفوظ في:
التفاصيل البيبلوغرافية
التنسيق: كتاب
اللغة:Undetermined
منشور في: Taiwan, China The Far East Book Co. 2005
الموضوعات:
الوسوم: إضافة وسم
لا توجد وسوم, كن أول من يضع وسما على هذه التسجيلة!

MARC

LEADER 00000nam a2200000Ia 4500
008 170316s9999 xx 000 0 und d
245 |a Far East 3000 Chinese Character Dictionary 
260 |a Taiwan, China 
260 |b The Far East Book Co. 
260 |c 2005 
300 |a 802 páginas 
650 |a REFERENCIA 
650 |a DICCIONARIO EN CHINO E INGLÉS 
999 |c 30295  |d 30295 
040 |a cru BVZT 
942 |c 15 D  |2 z